Представление документа в формате MARC21

Поле Инд. ПП Название Значение
Тип записи a
Библиографический уровень m
001 Контрольный номер 97f0dd75-0a99-4a82-b293-a0c79bf985b4
005 Дата корректировки 20230330111738.4
008 Кодируемые данные 061004
020 a ISBN 5-238-01001-X (рус.)
a ISBN 0-324-15691-X (англ.)
040 a Служба первич. каталог. НБ ТвГУ
041 0_ a Код языка текста rus
h Код языка оригинала eng
080 a Индекс УДК 316.354(075.8)
084 a Индекс другой классификации/Индекс ББК С55я73-1
a Индекс другой классификации/Индекс ББК С8я73-1
090 x Авторский знак Д21
a Полочн. индекс С55
100 1_ a Автор Дафт Ричард Л.
245 10 a Заглавие Теория организации
b Продолж. заглавия учеб. по специальности "Менеджмент организации"
c Ответственность Ричард Л. Дафт ; пер. с англ. [Г. Ю. Любимовой] ; под ред. Э. М, Короткова
260 0_ a Место издания Москва
b Издательство ЮНИТИ
c Дата издания 2006
300 a Объем 699 с.
b Иллюстрации/ тип воспроизводства ил.
440 _0 a Серия Зарубежный учебник
500 a Примечание Доп. тит. л. на англ. яз.
504 a Библиография Библиогр. в конце разд.
650 04 a Основная рубрика Организации теория
x Основная подрубрика Учебники для вузов
650 04 a Основная рубрика Организации
x Основная подрубрика Социология
x Основная подрубрика Управление
653 0_ a Ключевые слова Организация
a Ключевые слова Теория организации
a Ключевые слова Организации
a Ключевые слова Управление организацией
a Ключевые слова Организационные структуры
a Ключевые слова Организационная культура
a Ключевые слова Инновации
a Ключевые слова Управленческие решения
a Ключевые слова Принятие решений
a Ключевые слова Конфликты
a Ключевые слова Власть
700 1_ a Другие авторы Коротков Э. М.
e Роль лиц ред. пер., авт. предисл.
700 1_ a Другие авторы Любимова Г. Ю.
e Роль лиц пер.
852 41 i Расстановочный признак Проверка 2023
920 a Оператор Семен
952 c Вид литературы К ру
954 a Дата поступления на обработку 20061005
e Дата перешифровки 20230330